Ostras perlíferas (Bivalvia Pteriidae) en el Caribe colombiano : (Registro nro. 1895)
[ vista simple ]
| 000 -CABECERA | |
|---|---|
| Campo de control | 00865nam a2200229 i 4500 |
| 005 - FECHA Y HORA DE LA ULTIMA TRANSACCION | |
| Campo de control | 20160907020002.0 |
| 008 - ELEMENTOS DE LONGITUD FIJA—INFORMACION GENERAL | |
| Campo de control | 140303s1996 ck ||||| |||| 00| 0 spa d |
| 040 ## - FUENTE DE CATALOGACIÓN | |
| Agencia catalogadora original | CO-BoIAVH |
| Agencia transcriptora | CO-BoIAVH |
| 041 0# - IDIOMA | |
| Código de idioma para texto/pista de sonido o título separado | Español |
| 044 ## - PAÍS DE PUBLICACIÓN | |
| País de publicación | Colombia |
| 082 04 - NUMERO DE CLASIFICACION DECIMAL DEWEY | |
| Número de clasificación | 594.409861 |
| Número del ítem | B73o |
| 100 1# - ASIENTO PRINCIPAL--NOMBRE PERSONAL | |
| Nombre personal | Borrero, Francisco J. |
| 9 (RLIN) | 13635 |
| 245 10 - MENCION DE TITULO | |
| Título | Ostras perlíferas (Bivalvia Pteriidae) en el Caribe colombiano : |
| Parte restante del título | Historia de su explotación, ecología y perspectivas para su aprovechamiento. |
| Mención de responsabilidad | Francisco J. Borrero, Juan Manuel Díaz y Adriana Seczon. |
| 260 ## - PUBLICACION, DISTRIBUCION, ETC. (PIE DE IMPRENTA) | |
| Lugar de publicación, distribución, etc. | Santa Marta : |
| Nombre del editor, distribuidor, etc. | INVEMAR, |
| Fecha de publicación, distribución, etc. | 1996 |
| 300 ## - DESCRIPCION FISICA | |
| Extensión | 53 páginas ; |
| Dimensiones | 25 cm. |
| 650 14 - ASIENTO SECUNDARIO DE MATERIA - TERMINO TEMATICO | |
| Término temático o nombre geográfico como elemento de entrada | Ostras |
| Subdivisión geográfica | Colombia |
| 9 (RLIN) | 73261 |
| 650 24 - ASIENTO SECUNDARIO DE MATERIA - TERMINO TEMATICO | |
| Término temático o nombre geográfico como elemento de entrada | Ostras perlíferas |
| Subdivisión general | Cultivo |
| Subdivisión geográfica | Colombia |
| 9 (RLIN) | 73262 |
| 650 24 - ASIENTO SECUNDARIO DE MATERIA - TERMINO TEMATICO | |
| Término temático o nombre geográfico como elemento de entrada | Ostricultura |
| 9 (RLIN) | 47939 |
| 700 1# - ASIENTO SECUNDARIO - NOMBRE PERSONAL | |
| Nombre personal | Díaz, Juan Manuel, |
| Término de relación | autor |
| 9 (RLIN) | 13639 |
| 700 1# - ASIENTO SECUNDARIO - NOMBRE PERSONAL | |
| Nombre personal | Seczon, Adriana, |
| Término de relación | autora |
| 9 (RLIN) | 13640 |
| 942 ## - ELEMENTOS ADICIONALES (KOHA) | |
| Tipo de ítem | Libro |
| Sistema de clasificación | Dewey Decimal Classification |
| Koha issues (borrowed), all copies | 2 |
| Withdrawn status | Lost status | Sistema de Clasificación | Damaged status | No para préstamo | Colección | Inventariado | Ubicación Permanente | Ubicación actual | Fecha de adquisición | Fuente de Valor | Valor | Total Checkouts | Número topográfico | Inventario / Código de Barras | Date last seen | Ejemplar | Price effective from | Forma de adquisición | Tipo de material | Date checked out |
|---|---|---|---|---|---|---|---|---|---|---|---|---|---|---|---|---|---|---|---|---|
| Dewey Decimal Classification | General | Inventariado 2017 | Bogotá | Bogotá | 12/12/2002 | Instituto | 39000.00 | 2 | LB-594.409861 B73o | 002364 | 06/09/2016 | Ej. 1 | 04/12/2012 | Libro | 06/09/2016 | |||||
| Dewey Decimal Classification | General | Inventariado 2017 | Sala Fabio Quevedo | Sala Fabio Quevedo | 25/01/2001 | Instituto | 39000.00 | LB-594.409861 B73o | 002363 | 04/12/2012 | Ej. 2 | 04/12/2012 | Donación | Libro |